Normal view MARC view
  • SYED, DR. JEHATH. 2-CHALASANI, DR. SRI HARSHA 3- PEREIA, DR. PRATHIBHA. 4- RAMESH, M

Entry Personal Name

Number of records used in: 1

001 - CONTROL NUMBER

  • control field: 8772

003 - CONTROL NUMBER IDENTIFIER

  • control field: JRU

005 - DATE AND TIME OF LATEST TRANSACTION

  • control field: 20251121155950.0

008 - FIXED-LENGTH DATA ELEMENTS

  • fixed length control field: 251121|| aca||aabn | a|a d

040 ## - CATALOGING SOURCE

  • Original cataloging agency: JRU
  • Transcribing agency: JRU

100 ## - HEADING--PERSONAL NAME

  • Personal name: SYED, DR. JEHATH. 2-CHALASANI, DR. SRI HARSHA 3- PEREIA, DR. PRATHIBHA. 4- RAMESH, M

670 ## - SOURCE DATA FOUND

  • Source citation: Work cat.: (JRU)8947: SYED, DR. JEHATH. 2-CHALASANI, DR. SRI HARSHA 3- PEREIA, DR. PRATHIBHA. 4- RAMESH, M , HANDBOOK OF ESSENTIAL MEDICINES IN GERIATRICS , 2023